000 00866nas a2200289 4500
001 BR2010001768
003 BR-BrBNA
005 20231205114207.0
007 ta
008 230509b bl.|||p| |||| 00| 00por d
040 _aBR-BrBNA
_bpor
_cBiblioteca Nacional de Agricultura
041 _a(En)
072 _aF30
100 1 _aAguiar, A.V. de
100 1 _aViencovsky, R.
100 1 _aChaves, L.J.
100 1 _aMoura, M.F.
100 1 _aMorais, L.K. de
245 1 _aGenetics and expected selection gain for growth traits in Eugenia dysenterica DC. populations
650 _aCAGAITA
650 _aVARIAÇÃO GENÉTICA
650 _aPARÂMETRO GENÉTICO
650 _aCERRADO
773 0 _tBragantia (Brazil)
_xISSN 0006-8705
_g(Jul-Sep 2009), v. 68(3) p. 629-637
_wBR2010001768
909 _a202311
_bLúcia
_c55
_dLúcia Elande
942 _2AGRIS
_n0
_cANA
999 _c207530
_d207530